Modulation, noise, and spectral analysis: applied to information transmission

Kaydedildi:
Detaylı Bibliyografya
Yazar: Panter, Philip F. (Yazar)
Materyal Türü: Kitap
Dil:İngilizce
Baskı/Yayın Bilgisi: Nueva York McGraw-Hill 1965
Konular:
Etiketler: Etiketle
Etiket eklenmemiş, İlk siz ekleyin!

MARC

LEADER 00000nam a2200000 a 4500
001 UCU5521
003 CL-VaPUC
008 960604e19650000US |||||||||||||||||eng|d
082 0 4 |a 621.381  |b PAN  |2 21 
100 |a Panter, Philip F.  |e author  |9 363593 
245 1 0 |a Modulation, noise, and spectral analysis: applied to information transmission 
300 |a 759 p 
942 |c BK 
945 |d 19960604 00:00:00  |a cmena 
260 |a Nueva York  |b McGraw-Hill  |c 1965 
650 0 |a Electrónica   |9 263192 
650 0 |a Circuitos electrónicos  |9 260204 
650 7 |a FRECUENCIAS  |2 CL-VaPUC  |9 360857 
650 7 |a LONGITUD DE ONDA  |2 CL-VaPUC  |9 360856 
650 0 |a Modulación  |9 363509 
650 7 |a RESONANCIAS  |2 CL-VaPUC  |9 360852 
650 7 |a RUIDO  |2 CL-VaPUC  |9 263306 
650 0 |a Propagación de ondas  |9 263256 
650 0 |a Amplitud   |9 360832 
650 0 |a Análisis de Fourier  |9 260464 
650 0 |a Ondas de radio  |9 263255 
583 |a last modification  |c 20150713 14:25:35  |k Rodrigo Vera 
999 |c 248838  |d 248836 
952 |0 0  |1 0  |4 0  |6 621_381000000000000_PAN_1965  |7 0  |8 P  |9 265729  |a BIBING  |b BIBING  |d 2019-11-19  |i 1677675  |o 621.381 PAN 1965  |p 1677675  |r 2023-03-02  |w 2019-11-19  |y BK  |k ING